| 000 | 00720nam a22002177a 4500 | ||
|---|---|---|---|
| 005 | 20170124110249.0 | ||
| 010 | _aA-760866 | ||
| 020 |
_c00.00 _a8186264353 |
||
| 035 | _aA-760866 | ||
| 037 | _bCen Lib/Ret | ||
| 040 |
_aDPL _bEN |
||
| 082 |
_a413.8 _bAPT |
||
| 100 |
_aApte, Vaman Shivaram _998210 |
||
| 245 |
_aSanskrit-English dictionary : _bby Vaman Shivram Apte _cover 20,000 sanskrit words translated into English / |
||
| 260 |
_aNew Delhi _bStar Publications _c1996 |
||
| 270 |
_aAsaf Ali Road _bNew Delhi _e110002 |
||
| 300 |
_a653p. _c22cm(Hb) |
||
| 650 |
_aSanskrit language -- Dictionaries -- English. _9110769 |
||
| 650 |
_aSanskrit language. _9110770 |
||
| 942 |
_2ddc _cEN _h413.8 _mAPT |
||
| 999 |
_c135730 _d135730 |
||